[Event "Championnat de France - Open C"]
[Site "Nimes"]
[Date "2009.08.11"]
[Round "1.1"]
[White "Pouchon, Joffrey"]
[Black "Riccio, Ulysse"]
[Result "1-0"]
[WhiteElo "1798"]
[BlackElo "1650"]
[PlyCount "111"]
[EventDate "2009.??.??"]

1. d4 Nf6 2. Nf3 g6 3. c4 Bg7 4. Nc3 d6 5. e4 O-O 6. Be2 e5 7. d5 Nbd7 8. O-O
Nh5 9. Be3 f5 10. Ng5 Ndf6 11. exf5 Nf4 12. Ne6 Bxe6 13. fxe6 N6h5 14. Bxh5
Nxh5 15. Ne4 Qh4 16. f3 Nf4 17. Qd2 g5 18. Bxf4 gxf4 19. g3 Qh6 20. g4 Qg6 21.
Rf2 h5 22. Rg2 hxg4 23. Rxg4 Qh5 24. Qg2 Kh8 25. Kf2 Bf6 26. Rg1 Qh7 27. Ke2 c6
28. Rg6 cxd5 29. cxd5 Rac8 30. Rxf6 Rxf6 31. e7 Rh6 32. Kd3 Qxe7 33. Qg4 Qc7
34. Nc3 Qc4+ 35. Kd2 Rxh2+ 36. Ke1 Rh7 37. Qg6 Qc7 38. Qf6+ Rg7 39. Rh1+ Kg8
40. Qe6+ Rf7 41. Rg1+ Kh8 42. Rh1+ Rh7 43. Qf6+ Kg8 44. Rg1+ Rg7 45. Rxg7+ Qxg7
46. Qe6+ Kh7 47. Qxc8 Qg1+ 48. Kd2 Qe3+ 49. Kc2 Qxf3 50. Qd7+ Kg6 51. Qxd6+ Kg5
52. Qxe5+ Kg4 53. Ne2 Qf2 54. Qxf4+ Qxf4 55. Nxf4 Kxf4 56. d6 1-0

[Event "Championnat de France - Open C"]
[Site "Nimes"]
[Date "2009.08.11"]
[Round "1.2"]
[White "Descamps, Jacky"]
[Black "Macon, Arthur"]
[Result "0-1"]
[WhiteElo "1649"]
[BlackElo "1791"]
[PlyCount "84"]
[EventDate "2009.??.??"]

1. e4 c6 2. d4 d5 3. Nc3 dxe4 4. Nxe4 Nd7 5. Nf3 Ngf6 6. Bd3 Nxe4 7. Bxe4 Nf6
8. Bd3 Bg4 9. c3 e6 10. h3 Bh5 11. Bf4 Be7 12. Qc2 O-O 13. Ne5 c5 14. Be3 Rc8
15. g4 Bg6 16. Nxg6 hxg6 17. dxc5 Nd5 18. Bd2 Bxc5 19. Rf1 Be7 20. a3 Bg5 21.
O-O-O Bxd2+ 22. Rxd2 Qa5 23. Kb1 Rfd8 24. Rfd1 Rd6 25. Bxg6 fxg6 26. Ka1 Ra6
27. Qxg6 Qd8 28. Qd3 Qe7 29. c4 Nb6 30. Rc1 Ra5 31. Qc3 Rac5 32. b3 R5c7 33.
Rd4 Qxa3+ 34. Kb1 Rd7 35. Rxd7 Nxd7 36. Rd1 Nc5 37. Rd2 Qxb3+ 38. Qxb3 Nxb3 39.
Rd7 Nc5 40. Re7 Kf8 41. Rxg7 Kxg7 42. f3 Rh8 0-1

[Event "Championnat de France - Open C"]
[Site "Nimes"]
[Date "2009.08.11"]
[Round "1.3"]
[White "Bossey, Kevin"]
[Black "Moulie, Patrick"]
[Result "1-0"]
[WhiteElo "1790"]
[BlackElo "1649"]
[PlyCount "85"]
[EventDate "2009.??.??"]

1. d4 f5 2. Nf3 Nf6 3. e3 g6 4. c4 Bg7 5. Nc3 c6 6. Be2 d6 7. b3 O-O 8. Bb2
Nbd7 9. Qc2 Re8 10. Rd1 Qc7 11. O-O e5 12. d5 e4 13. Nd4 Nf8 14. Qc1 a6 15.
dxc6 bxc6 16. Rd2 Bb7 17. Rfd1 Rad8 18. Ba3 c5 19. Nc2 Re6 20. b4 N8d7 21. bxc5
Nxc5 22. Bxc5 Qxc5 23. Nd4 Re7 24. Nb3 Qc7 25. Qa3 Red7 26. c5 dxc5 27. Rxd7
Nxd7 28. Nxc5 Nxc5 29. Rxd8+ Qxd8 30. Qxc5 Qc8 31. Bc4+ Kh8 32. Na4 Qd7 33. Bb3
Qd2 34. g3 Qd7 35. Qc4 Qd8 36. Nc5 Bc8 37. Nxa6 h5 38. Nb8 Bb7 39. Nc6 Qe8 40.
Ne7 Kh7 41. Qe6 Ba6 42. Ba4 Qxa4 43. Qxg6+ 1-0

[Event "Championnat de France - Open C"]
[Site "Nimes"]
[Date "2009.08.11"]
[Round "1.4"]
[White "Duval, Simon"]
[Black "Jager, Michel"]
[Result "1/2-1/2"]
[WhiteElo "1647"]
[BlackElo "1790"]
[PlyCount "105"]
[EventDate "2009.??.??"]

1. e4 e6 2. d4 d5 3. e5 c5 4. c3 Nc6 5. Nf3 Qb6 6. Be2 cxd4 7. cxd4 Bb4+ 8. Nc3
Nge7 9. a3 Bxc3+ 10. bxc3 Bd7 11. O-O O-O 12. Bd2 a6 13. Qb1 Qxb1 14. Raxb1
Rab8 15. Rb2 b5 16. Rfb1 Na5 17. a4 Nc4 18. Bxc4 dxc4 19. axb5 axb5 20. Ra2 Ra8
21. Rba1 Bc6 22. Rxa8 Rxa8 23. Rxa8+ Bxa8 24. Ne1 Be4 25. f3 Bb1 26. g3 Nd5 27.
Ng2 b4 28. Ne3 b3 29. Nxc4 Bd3 30. Nb2 Ba6 31. Kf2 Nb6 32. Ke1 Nc4 33. Nxc4
Bxc4 34. Bc1 f5 35. Kd2 Kf7 36. Ke3 h6 37. h3 g5 38. f4 Kg6 39. fxg5 hxg5 40.
Kf2 Kh5 41. Kg2 Bd5+ 42. Kf2 f4 43. gxf4 gxf4 44. c4 Bxc4 45. Kf3 Kh4 46. Kxf4
Kxh3 47. Ke3 Kg3 48. Ba3 Kg2 49. Kd2 Kf3 50. Kc3 Bd5 51. Kb2 Ke4 52. Bc5 Kd3
53. Ba7 1/2-1/2

[Event "Championnat de France - Open C"]
[Site "Nimes"]
[Date "2009.08.11"]
[Round "1.5"]
[White "Jullien, Patrick"]
[Black "Gautheron, Andre"]
[Result "1-0"]
[WhiteElo "1786"]
[BlackElo "1647"]
[PlyCount "83"]
[EventDate "2009.??.??"]

1. d4 f5 2. g3 g6 3. Bg2 d5 4. Nf3 Nc6 5. O-O Bg7 6. c3 Nf6 7. Bf4 Nh5 8. Bd2
O-O 9. Qc1 Bh8 10. Bg5 Qd6 11. Na3 a6 12. e3 e5 13. dxe5 Nxe5 14. Rd1 c6 15.
Nxe5 Qxe5 16. Bf3 Nf6 17. Bf4 Qe7 18. Nc2 Ne4 19. h4 Bg7 20. Bg2 h6 21. f3 Nf6
22. e4 Nh5 23. exd5 Nxf4 24. Qxf4 cxd5 25. Rxd5 Be6 26. Re1 Qf7 27. Rd6 Bxa2
28. Nd4 Rfe8 29. Rxe8+ Rxe8 30. Kh2 Be5 31. Qxh6 Bxd6 32. h5 gxh5 33. Qg5+ Qg7
34. Qxg7+ Kxg7 35. Nxf5+ Kf6 36. Nxd6 Re7 37. f4 Re2 38. Kg1 Rxb2 39. Nxb7 Kf5
40. Nc5 Rc2 41. Be4+ Kg4 42. Bxc2 1-0

[Event "Championnat de France - Open C"]
[Site "Nimes"]
[Date "2009.08.11"]
[Round "1.6"]
[White "Bombail, Leonard"]
[Black "Van Eeckhout, Guy"]
[Result "1-0"]
[WhiteElo "1646"]
[BlackElo "1785"]
[PlyCount "65"]
[EventDate "2009.??.??"]

1. f4 e5 2. fxe5 d6 3. Nf3 g5 4. e3 g4 5. Nd4 dxe5 6. Ne2 Nc6 7. b3 h5 8. Bb2
Be6 9. d4 Bg7 10. c4 exd4 11. Nxd4 Qd7 12. Na3 O-O-O 13. Nac2 Bf5 14. Bd3 Bxd3
15. Qxd3 Ne5 16. Qe2 c5 17. O-O-O cxd4 18. Rxd4 Qc7 19. Rxd8+ Qxd8 20. Rd1 Qe7
21. Qf2 Nh6 22. Qf4 Rd8 23. Rxd8+ Kxd8 24. Kb1 Qd6 25. Qg5+ Qf6 26. Qxh5 Qf1+
27. Bc1 Qxg2 28. Qg5+ Ke8 29. Qxg7 Qxh2 30. Qh8+ Ke7 31. e4 Qg1 32. Qxh6 g3 33.
Qg5+ 1-0

[Event "Championnat de France - Open C"]
[Site "Nimes"]
[Date "2009.08.11"]
[Round "1.7"]
[White "Theodore, Simon"]
[Black "Chardon, Xavier"]
[Result "1-0"]
[WhiteElo "1784"]
[BlackElo "1644"]
[PlyCount "57"]
[EventDate "2009.??.??"]

1. c4 e5 2. Nc3 Nf6 3. g3 Nc6 4. Bg2 Bc5 5. d3 d6 6. Nf3 Be6 7. O-O h6 8. e3 e4
9. Nd4 Nxd4 10. exd4 Bxd4 11. Nxe4 c6 12. Bf4 Nxe4 13. dxe4 Qf6 14. Bxd6 Bxb2
15. Qb3 Bxa1 16. Qxb7 Rc8 17. e5 Bxe5 18. Bxc6+ Rxc6 19. Qxc6+ Kd8 20. Qc7+ Ke8
21. Bxe5 Qe7 22. Qb8+ Qd8 23. Qxa7 Qd3 24. Bxg7 Rh7 25. Bf6 Qd7 26. Qb8+ Qc8
27. Qxc8+ Bxc8 28. Rd1 Bd7 29. c5 1-0

[Event "Championnat de France - Open C"]
[Site "Nimes"]
[Date "2009.08.11"]
[Round "1.8"]
[White "Estevez, Ange"]
[Black "Timmermans, Eric"]
[Result "1-0"]
[WhiteElo "1640"]
[BlackElo "1784"]
[PlyCount "102"]
[EventDate "2009.??.??"]

1. e4 Nf6 2. d3 d6 3. b3 g6 4. Bb2 Bg7 5. Nf3 c5 6. Nbd2 Nc6 7. h3 b5 8. g4 Bb7
9. Bg2 O-O 10. O-O e5 11. a4 a6 12. Re1 h5 13. g5 Nh7 14. h4 f6 15. axb5 axb5
16. Rxa8 Bxa8 17. Bc1 fxg5 18. Nxg5 Nxg5 19. hxg5 Qxg5 20. Nf3 Qe7 21. Bg5 Bf6
22. Qd2 Nd4 23. Bxf6 Nxf3+ 24. Bxf3 Qxf6 25. Bg2 Bb7 26. Ra1 Kg7 27. Ra7 Rf7
28. Qe3 Qf4 29. Qe2 Kh6 30. Ra5 Qc1+ 31. Bf1 Qg5+ 32. Bg2 Bc6 33. Ra6 Rc7 34.
f3 Qf6 35. Qe3+ g5 36. Qf2 Bd7 37. Kf1 c4 38. dxc4 bxc4 39. Qb6 Rc6 40. Qa5
cxb3 41. Rxc6 Bxc6 42. cxb3 Bxe4 43. Qc3 d5 44. Qe3 Bf5 45. Kg1 d4 46. Qd2 Qa6
47. Qb4 Qf6 48. Qd2 h4 49. Kh2 Qd6 50. Kg1 d3 51. b4 Qd4+ 1-0

[Event "Championnat de France - Open C"]
[Site "Nimes"]
[Date "2009.08.11"]
[Round "1.9"]
[White "Parisot, Anthony"]
[Black "Lallement, Jose"]
[Result "1-0"]
[WhiteElo "1780"]
[BlackElo "1640"]
[PlyCount "81"]
[EventDate "2009.??.??"]

1. Nf3 Nf6 2. d4 d5 3. c4 c6 4. Nc3 Bg4 5. Ne5 Bh5 6. Qb3 Qb6 7. c5 Qxb3 8.
axb3 Na6 9. Bf4 Nb4 10. Kd2 Ne4+ 11. Nxe4 dxe4 12. g4 Nd5 13. Bg3 Bg6 14. Nxg6
hxg6 15. Bg2 f5 16. gxf5 gxf5 17. Be5 Rh7 18. e3 g5 19. Rag1 Bg7 20. Bxg7 Rxg7
21. Bf1 Rb8 22. Bc4 e6 23. h4 g4 24. Bxd5 exd5 25. h5 Kf7 26. Rh4 Rh8 27. Rgh1
Kf6 28. Ke2 Kg5 29. Kf1 Rgh7 30. Kg2 Rxh5 31. Rxh5+ Rxh5 32. Rxh5+ Kxh5 33. Kg3
Kg5 34. b4 b6 35. b5 Kf6 36. cxb6 axb6 37. bxc6 Ke7 38. Kf4 Kd6 39. Kxf5 Kxc6
40. Ke5 b5 41. b4 1-0

[Event "Championnat de France - Open C"]
[Site "Nimes"]
[Date "2009.08.11"]
[Round "1.10"]
[White "Le Menelec, Erwan-Son"]
[Black "Artiaga, Harold"]
[Result "0-1"]
[WhiteElo "1640"]
[BlackElo "1779"]
[PlyCount "54"]
[EventDate "2009.??.??"]

1. e4 d6 2. d4 Nf6 3. Bd3 g6 4. c3 Bg7 5. Nf3 O-O 6. O-O b6 7. Bf4 Bb7 8. Nbd2
Nbd7 9. Bg3 c5 10. Ne1 Nh5 11. Nc2 Rc8 12. h3 cxd4 13. cxd4 Nxg3 14. fxg3 e5
15. d5 Nc5 16. Bb5 a6 17. Be2 Qg5 18. Bg4 f5 19. exf5 gxf5 20. Be2 Qxg3 21. Nc4
e4 22. Nxb6 Be5 23. Nxc8 e3 24. Nxe3 Qh2+ 25. Kf2 Ne4+ 26. Ke1 Qg3+ 27. Rf2
Qxf2# 0-1

[Event "Championnat de France - Open C"]
[Site "Nimes"]
[Date "2009.08.12"]
[Round "2.1"]
[White "Carrot, Axel"]
[Black "Pouchon, Joffrey"]
[Result "0-1"]
[WhiteElo "1680"]
[BlackElo "1798"]
[PlyCount "84"]
[EventDate "2009.??.??"]

1. e4 e6 2. d4 d5 3. exd5 exd5 4. Nf3 Bd6 5. Nc3 c6 6. Bd3 Ne7 7. Bg5 h6 8. Bh4
Be6 9. Qd2 Nd7 10. Ne2 Qc7 11. c3 O-O-O 12. Bg3 g5 13. Bxd6 Qxd6 14. h3 Ng6 15.
O-O-O f5 16. Rde1 Nf6 17. Ng3 Ne4 18. Bxe4 fxe4 19. Nh2 Nf4 20. Reg1 Rdf8 21.
Kd1 Nd3 22. Rf1 Nxf2+ 23. Rxf2 Qxg3 24. Re2 Qf4 25. Nf1 g4 26. h4 g3 27. Qxf4
Rxf4 28. Re3 Rf2 29. Kc1 Rhf8 30. Nxg3 Rxg2 31. Rf1 Rxf1+ 32. Nxf1 Rg1 33. Re1
Bh3 34. Kd2 Rxf1 35. Re3 Bg4 36. Rg3 h5 37. Rg2 Kd7 38. a3 Ke6 39. b3 Kf5 40.
c4 Kf4 41. cxd5 cxd5 42. Kc3 e3 0-1

[Event "Championnat de France - Open C"]
[Site "Nimes"]
[Date "2009.08.12"]
[Round "2.2"]
[White "Macon, Arthur"]
[Black "Flores, Adrian"]
[Result "1-0"]
[WhiteElo "1791"]
[BlackElo "1680"]
[PlyCount "89"]
[EventDate "2009.??.??"]

1. d4 d5 2. c4 Nc6 3. cxd5 Qxd5 4. Nf3 Nf6 5. Nc3 Qa5 6. Bd2 Bg4 7. e3 e6 8.
Bc4 Qh5 9. Be2 Bb4 10. h3 O-O 11. O-O Bf5 12. Ne5 Qh4 13. Nxc6 bxc6 14. Bf3 Bd6
15. Re1 Be4 16. Nxe4 Nxe4 17. Bxe4 Qxe4 18. Rc1 f5 19. Qc2 Qd5 20. Qc4 Rab8 21.
b3 Rf6 22. Qxc6 Qxc6 23. Rxc6 h6 24. Rec1 Rb7 25. Ba5 Rf7 26. f3 g5 27. Kf1 h5
28. Ke2 g4 29. hxg4 hxg4 30. fxg4 fxg4 31. Rf1 Rxf1 32. Kxf1 Kf7 33. e4 e5 34.
d5 Kg6 35. Ke2 Kg5 36. g3 Kh5 37. Rc1 Kg5 38. Kd3 Kg6 39. Rc6 Kf7 40. Rc4 Ke8
41. Rc2 Kf7 42. Rh2 Kg6 43. Rh4 Kg5 44. Bd2+ Kf6 45. Rxg4 1-0

[Event "Championnat de France - Open C"]
[Site "Nimes"]
[Date "2009.08.12"]
[Round "2.3"]
[White "Damour, Theo"]
[Black "Bossey, Kevin"]
[Result "1-0"]
[WhiteElo "1678"]
[BlackElo "1790"]
[PlyCount "69"]
[EventDate "2009.??.??"]

1. d4 d5 2. e4 e6 3. exd5 exd5 4. c4 dxc4 5. Bxc4 Nf6 6. Nf3 Be7 7. Qb3 O-O 8.
O-O Nc6 9. Ne5 Nxe5 10. dxe5 Ng4 11. e6 fxe6 12. Bxe6+ Kh8 13. Bxg4 Bxg4 14.
Qxb7 Bc5 15. Qb5 Rf5 16. Qc4 Qf6 17. Be3 Bxe3 18. Qe4 Bxf2+ 19. Rxf2 Rxf2 20.
Qxa8+ Qf8 21. Qxf8+ Rxf8 22. Nc3 Re8 23. h3 Bd7 24. Rd1 Bc6 25. Kf1 Kg8 26. Nd5
Bxd5 27. Rxd5 Re7 28. Rd2 Kf7 29. Rf2+ Ke8 30. Re2 Kd7 31. Rxe7+ Kxe7 32. Ke2
Ke6 33. Ke3 Ke5 34. a3 a5 35. g3 1-0

[Event "Championnat de France - Open C"]
[Site "Nimes"]
[Date "2009.08.12"]
[Round "2.4"]
[White "Siauve, Julien"]
[Black "Jullien, Patrick"]
[Result "0-1"]
[WhiteElo "1678"]
[BlackElo "1786"]
[PlyCount "60"]
[EventDate "2009.??.??"]

1. e4 d6 2. d4 e5 3. dxe5 dxe5 4. Qxd8+ Kxd8 5. Bc4 f6 6. Nc3 Bc5 7. Bd2 Bd7 8.
f3 Ne7 9. O-O-O a6 10. a3 Nbc6 11. f4 Bd6 12. f5 b5 13. Ba2 Nd4 14. Nf3 c5 15.
Nd5 Nxd5 16. Bxd5 Rb8 17. c3 Nc6 18. Be3 Ke7 19. g4 h6 20. Nh4 Rhd8 21. Rd2 b4
22. Rhd1 bxa3 23. Ng6+ Ke8 24. Ba2 axb2+ 25. Kb1 Nd4 26. cxd4 cxd4 27. Bf2 Ba4
28. Rf1 Ba3 29. Bd5 Rdc8 30. Ka2 Rc1 0-1

[Event "Championnat de France - Open C"]
[Site "Nimes"]
[Date "2009.08.12"]
[Round "2.5"]
[White "Sartre, Guilhem"]
[Black "Theodore, Simon"]
[Result "1-0"]
[WhiteElo "1677"]
[BlackElo "1784"]
[PlyCount "61"]
[EventDate "2009.??.??"]

1. d4 d5 2. c4 c6 3. Nc3 g6 4. e4 dxe4 5. Nxe4 Bg7 6. Ne2 Bf5 7. N2c3 Nf6 8.
Ng3 Qd7 9. Nxf5 Qxf5 10. Bd3 Qe6+ 11. Qe2 Qxe2+ 12. Nxe2 O-O 13. O-O Nbd7 14.
Bf4 Rfe8 15. Rfe1 e5 16. dxe5 Nxe5 17. Rad1 Nxd3 18. Rxd3 Re4 19. b3 Rae8 20.
Re3 Ng4 21. Rxe4 Rxe4 22. Kf1 Re7 23. Rd1 f5 24. Rd8+ Kf7 25. Bd6 Re6 26. Nf4
Re4 27. f3 Ne3+ 28. Ke2 Nxc4+ 29. fxe4 Nxd6 30. Rd7+ Kf8 31. Ne6+ 1-0

[Event "Championnat de France - Open C"]
[Site "Nimes"]
[Date "2009.08.12"]
[Round "2.6"]
[White "Timmermans, Eric"]
[Black "Brebant, Eric"]
[Result "0-1"]
[WhiteElo "1784"]
[BlackElo "1675"]
[PlyCount "60"]
[EventDate "2009.??.??"]

1. e4 c5 2. Nc3 e6 3. Bc4 a6 4. a4 Nc6 5. Nf3 Qc7 6. d4 cxd4 7. Nxd4 Nf6 8. f4
Bb4 9. Qd3 O-O 10. O-O Nxd4 11. Kh1 Nc6 12. e5 Bxc3 13. bxc3 Ne8 14. Ba3 d6 15.
exd6 Qd7 16. Rf3 e5 17. Re1 exf4 18. Re7 Qf5 19. Qd2 Nxd6 20. Bxd6 Nxe7 21.
Bxe7 Be6 22. Rxf4 Qg6 23. Bxf8 Rxf8 24. Bd3 Qh6 25. Qf2 Qg5 26. h3 Qa5 27. Rb4
Qc7 28. Qf3 Qe5 29. Rh4 Qe1+ 30. Kh2 Qxh4 0-1

[Event "Championnat de France - Open C"]
[Site "Nimes"]
[Date "2009.08.12"]
[Round "2.7"]
[White "Mas, Maxime"]
[Black "Parisot, Anthony"]
[Result "1/2-1/2"]
[WhiteElo "1660"]
[BlackElo "1780"]
[PlyCount "69"]
[EventDate "2009.??.??"]

1. e4 Nf6 2. Nc3 d5 3. exd5 Nxd5 4. Bc4 Nxc3 5. Qf3 e6 6. dxc3 Be7 7. Ne2 O-O
8. O-O c6 9. Be3 Nd7 10. Rad1 Qc7 11. Qg3 Qxg3 12. fxg3 Nf6 13. Bg5 b5 14. Bxf6
Bxf6 15. Bd3 Bb7 16. Be4 Rfd8 17. Nd4 Rac8 18. Rfe1 Rd6 19. Nxb5 Rxd1 20. Rxd1
a6 21. Rd7 axb5 22. Rxb7 g6 23. Kf2 Bg5 24. Rb6 Bc1 25. Rxc6 Rxc6 26. Bxc6 Bxb2
27. Bxb5 Bxc3 28. Ke3 Kf8 29. Kd3 Ba5 30. Kd4 Ke7 31. a4 Kd6 32. c4 e5+ 33. Ke4
f5+ 34. Kf3 Kc5 35. Ke3 1/2-1/2

[Event "Championnat de France - Open C"]
[Site "Nimes"]
[Date "2009.08.12"]
[Round "2.8"]
[White "Artiaga, Harold"]
[Black "Verwee, Johann"]
[Result "1-0"]
[WhiteElo "1779"]
[BlackElo "1675"]
[PlyCount "83"]
[EventDate "2009.??.??"]

1. g3 d5 2. c4 Nf6 3. d4 dxc4 4. Nc3 e6 5. Bg2 c6 6. a4 Bb4 7. Nf3 Ne4 8. Qc2
Bxc3+ 9. bxc3 Qa5 10. Bb2 Nf6 11. O-O Qc7 12. Ne5 O-O 13. Nxc4 Nbd7 14. f4 Nb6
15. Nd2 Nbd5 16. Rf3 c5 17. e4 Ne7 18. Qd1 b6 19. h3 Re8 20. g4 Bb7 21. Rf2
Rec8 22. Rc1 Qd7 23. g5 Ne8 24. Nc4 cxd4 25. Ne5 Qd6 26. cxd4 Rxc1 27. Qxc1 Rc8
28. Qe3 Nc6 29. f5 Nxe5 30. dxe5 Qd1+ 31. Rf1 Qd7 32. f6 Rc2 33. Bd4 Ba6 34.
Ra1 Re2 35. Qc3 Qc7 36. Bf1 Rc2 37. Qxc7 Nxc7 38. Rd1 Bxf1 39. Bxb6 Ne8 40. Rd8
Kf8 41. Ba5 Rc4 42. Rxe8+ 1-0

[Event "Championnat de France - Open C"]
[Site "Nimes"]
[Date "2009.08.12"]
[Round "2.9"]
[White "Bricquir, Stephane"]
[Black "Frach, Gerald"]
[Result "1-0"]
[WhiteElo "1659"]
[BlackElo "1770"]
[PlyCount "105"]
[EventDate "2009.??.??"]

1. d4 Nf6 2. Nf3 d5 3. c4 e6 4. e3 Be7 5. Bd3 dxc4 6. Bxc4 O-O 7. O-O b6 8. Nc3
Bb7 9. a3 c5 10. dxc5 Bxc5 11. b4 Be7 12. Bb2 Nbd7 13. Qe2 Qc7 14. Rac1 Ng4 15.
e4 a6 16. h3 Nge5 17. Ba2 Nxf3+ 18. Qxf3 Bg5 19. Rc2 Rac8 20. Qg4 Qf4 21. Qxf4
Bxf4 22. Re2 Be5 23. Na4 Bxb2 24. Nxb2 Nf6 25. Nc4 Bxe4 26. Nxb6 Bd3 27. Nxc8
Bxe2 28. Ne7+ Kh8 29. Rc1 Bb5 30. Bb3 Re8 31. Rc7 g6 32. Nc8 Nd5 33. Bxd5 exd5
34. Nd6 Re1+ 35. Kh2 f5 36. Nxb5 axb5 37. Rb7 Re2 38. Rxb5 d4 39. Rd5 Ra2 40.
b5 Rxa3 41. Rxd4 Ra8 42. b6 Rb8 43. Rb4 Kg7 44. b7 Kf7 45. Kg3 g5 46. h4 h6 47.
h5 Kf6 48. Kf3 Ke6 49. Ke3 Ke5 50. Rb5+ Ke6 51. Kd4 f4 52. Kc5 Kf5 53. f3 1-0

[Event "Championnat de France - Open C"]
[Site "Nimes"]
[Date "2009.08.12"]
[Round "2.10"]
[White "Julien, Clement"]
[Black "Kaser, Simon"]
[Result "1-0"]
[WhiteElo "1770"]
[BlackElo "1670"]
[PlyCount "105"]
[EventDate "2009.??.??"]

1. e4 c5 2. c3 Nc6 3. d4 cxd4 4. cxd4 e6 5. Nf3 d6 6. Nc3 Nf6 7. Bb5 Bd7 8. O-O
Be7 9. d5 Ne5 10. Nxe5 dxe5 11. dxe6 Bxb5 12. exf7+ Kxf7 13. Qb3+ Kg6 14. Qxb5
Qc7 15. Nd5 Nxd5 16. Qxd5 Rad8 17. Qe6+ Bf6 18. Qf5+ Kf7 19. Be3 a6 20. Rac1
Qd7 21. Qh5+ g6 22. Qf3 Kg7 23. b3 Rhf8 24. Qe2 Rc8 25. Bc5 Rfd8 26. Rfd1 Qe8
27. Bb6 Rxc1 28. Rxc1 Rd6 29. Be3 Qd8 30. h3 Bg5 31. Bxg5 Qxg5 32. Rc7+ Kh6 33.
Rxb7 Rd2 34. Qf3 Qf4 35. Qxf4+ exf4 36. a3 Re2 37. f3 Re1+ 38. Kh2 Ra1 39. a4
Rb1 40. a5 Rb2 41. Rb6 Kg5 42. b4 h5 43. e5 Kf5 44. e6 Kf6 45. h4 Rb3 46. Rxa6
Rxb4 47. Rb6 Ra4 48. a6 Ra5 49. g4 hxg4 50. fxg4 Ra2+ 51. Kg1 f3 52. e7+ Kxe7
53. Rxg6 1-0

[Event "Championnat de France - Open C"]
[Site "Nimes"]
[Date "2009.08.13"]
[Round "3.1"]
[White "Pouchon, Joffrey"]
[Black "Cepisul, Kenny"]
[Result "1/2-1/2"]
[WhiteElo "1798"]
[BlackElo "1720"]
[PlyCount "75"]
[EventDate "2009.??.??"]

1. d4 d5 2. Nf3 e6 3. Bf4 Nf6 4. e3 Bd6 5. Bg3 O-O 6. Nbd2 b6 7. c3 c5 8. Bd3
Ba6 9. Bxa6 Nxa6 10. Qe2 c4 11. b3 b5 12. a4 Bxg3 13. hxg3 Qa5 14. O-O Qxc3 15.
axb5 Nc7 16. Rfc1 Qb4 17. bxc4 dxc4 18. Rab1 Qe7 19. Qxc4 Rfc8 20. b6 axb6 21.
Rxb6 Nce8 22. Rc6 Rcb8 23. Qc5 Qxc5 24. R6xc5 h6 25. Ne5 Ra2 26. R5c2 Rab2 27.
Rxb2 Rxb2 28. Nec4 Ra2 29. f3 Nd5 30. Ne4 Nec7 31. Nc3 Nxc3 32. Rxc3 Nd5 33.
Rb3 Rc2 34. Nb6 Rc3 35. Rxc3 Nxc3 36. e4 Ne2+ 37. Kf2 Nxd4 38. Nd7 1/2-1/2

[Event "Championnat de France - Open C"]
[Site "Nimes"]
[Date "2009.08.13"]
[Round "3.2"]
[White "Buclon, Francois"]
[Black "Macon, Arthur"]
[Result "0-1"]
[WhiteElo "1710"]
[BlackElo "1791"]
[PlyCount "81"]
[EventDate "2009.??.??"]

1. e4 c6 2. c4 d5 3. cxd5 cxd5 4. e5 Nc6 5. d4 Qb6 6. Ne2 Bf5 7. Nbc3 e6 8. a3
Nge7 9. Na4 Qc7 10. Nf4 Rc8 11. Be3 Bg6 12. Bd3 Bxd3 13. Qxd3 Ng6 14. Nxg6 hxg6
15. Rc1 Qa5+ 16. Nc3 Be7 17. O-O O-O 18. Rc2 Qd8 19. Rfc1 Qd7 20. b4 Nb8 21.
Ne2 Rxc2 22. Qxc2 Bd8 23. Nc3 b5 24. a4 bxa4 25. Nxa4 Na6 26. Nc5 Qb5 27. Nxa6
Qxa6 28. Qc5 Qb6 29. Ra1 Qxc5 30. bxc5 a5 31. Bd2 f6 32. exf6 Bxf6 33. Rxa5
Bxd4 34. Be3 Bxe3 35. fxe3 Kf7 36. Kf2 Kf6 37. Ke2 Rb8 38. c6 Rc8 39. Rc5 Ke7
40. Kd3 Kd6 41. Kd4 0-1

[Event "Championnat de France - Open C"]
[Site "Nimes"]
[Date "2009.08.13"]
[Round "3.3"]
[White "Jullien, Patrick"]
[Black "Lemaire, Olivier"]
[Result "0-1"]
[WhiteElo "1786"]
[BlackElo "1710"]
[PlyCount "66"]
[EventDate "2009.??.??"]

1. d4 d5 2. Nf3 Nf6 3. c4 c6 4. e3 Bf5 5. Nc3 e6 6. Be2 Bd6 7. c5 Bc7 8. Nh4
Bg6 9. Bd2 Nbd7 10. f4 Ne4 11. Nxe4 Bxe4 12. Nf3 O-O 13. O-O f6 14. Bc3 Qe7 15.
Bd3 Bxd3 16. Qxd3 e5 17. fxe5 fxe5 18. e4 exd4 19. Qxd4 dxe4 20. Rfe1 Qxc5 21.
Rxe4 Bb6 22. Rae1 Qf5 23. Qxb6 axb6 24. Re7 Rf7 25. R7e6 Qd5 26. Ne5 Qxe6 27.
Nxf7 Qxf7 28. Rf1 Qd5 29. Re1 Rf8 30. h3 Qc5+ 31. Kh1 Nf6 32. Kh2 Re8 33. Rd1
Re2 0-1

[Event "Championnat de France - Open C"]
[Site "Nimes"]
[Date "2009.08.13"]
[Round "3.4"]
[White "Lancelot, Renaud"]
[Black "Artiaga, Harold"]
[Result "1-0"]
[WhiteElo "1710"]
[BlackElo "1779"]
[PlyCount "77"]
[EventDate "2009.??.??"]

1. d4 d5 2. c4 c6 3. Nf3 Nf6 4. Nc3 e6 5. cxd5 exd5 6. Bg5 Nbd7 7. e3 Bd6 8.
Bd3 O-O 9. O-O Qc7 10. Qc2 h6 11. Bh4 Re8 12. Rfc1 Qb8 13. Rab1 Ng4 14. Bg3
Bxg3 15. hxg3 Ndf6 16. Re1 Qd6 17. b4 a6 18. a4 Bd7 19. b5 cxb5 20. axb5 a5 21.
b6 Rac8 22. Qb2 Nxf2 23. Kxf2 Ng4+ 24. Kg1 Qxg3 25. Nxd5 Bc6 26. e4 Bxd5 27.
exd5 Ne3 28. Qf2 Qxf2+ 29. Kxf2 Nxd5 30. Be4 Nc3 31. Bxb7 Rxe1 32. Rxe1 Rb8 33.
Re7 a4 34. Rc7 Nb5 35. Rc8+ Rxc8 36. Bxc8 a3 37. b7 a2 38. b8=Q a1=Q 39. Bf5#
1-0

[Event "Championnat de France - Open C"]
[Site "Nimes"]
[Date "2009.08.13"]
[Round "3.5"]
[White "Malassagne, Jerome"]
[Black "Julien, Clement"]
[Result "1-0"]
[WhiteElo "1710"]
[BlackElo "1770"]
[PlyCount "69"]
[EventDate "2009.??.??"]

1. d4 d5 2. c4 e6 3. Nf3 Nf6 4. Bg5 Nbd7 5. Nc3 c6 6. e3 Qa5 7. Nd2 Ne4 8.
Ndxe4 dxe4 9. Bf4 Bb4 10. Qc2 O-O 11. Be2 e5 12. Bg3 exd4 13. exd4 f5 14. Bf4
Nb6 15. O-O Be6 16. c5 Bxc3 17. bxc3 Nd5 18. Bd2 Qc7 19. g3 h6 20. c4 Nf6 21.
Bf4 Qf7 22. Rab1 g5 23. Bd6 Rfd8 24. Rb2 Nh5 25. Qd1 Nf6 26. Qc2 Ne8 27. Be5
Nf6 28. Bd6 Bc8 29. f3 exf3 30. Bxf3 Be6 31. Be2 Ne4 32. Be5 Rd7 33. Rb4 a5 34.
Rb2 Qg6 35. Bd3 1-0

[Event "Championnat de France - Open C"]
[Site "Nimes"]
[Date "2009.08.13"]
[Round "3.6"]
[White "Baroudel, Hadrien"]
[Black "Robion, Jean-Claude"]
[Result "1-0"]
[WhiteElo "1709"]
[BlackElo "1766"]
[PlyCount "71"]
[EventDate "2009.??.??"]

1. e4 e5 2. Nf3 Nc6 3. Bc4 Nf6 4. d3 Bc5 5. c3 d6 6. Nbd2 Bg4 7. Qb3 O-O 8.
Qxb7 Bd7 9. Qb3 Ng4 10. O-O Na5 11. Qc2 Nxc4 12. Nxc4 Be6 13. Ne3 c6 14. h3 Nf6
15. d4 exd4 16. cxd4 Bb6 17. b3 Qd7 18. Bb2 Nh5 19. Ng5 h6 20. Nxe6 fxe6 21.
Nc4 e5 22. Nxb6 axb6 23. dxe5 Nf4 24. exd6 Nxh3+ 25. gxh3 Rf3 26. Rfe1 Qxh3 27.
Re3 Raf8 28. Rxf3 Rxf3 29. Be5 h5 30. Rd1 Qg4+ 31. Bg3 h4 32. d7 hxg3 33. d8=Q+
Kh7 34. e5+ Rf5 35. f3 Qxf3 36. Qxf5+ 1-0

[Event "Championnat de France - Open C"]
[Site "Nimes"]
[Date "2009.08.13"]
[Round "3.8"]
[White "Auvray, Honorine"]
[Black "Germond, Thierry"]
[Result "0-1"]
[WhiteElo "1703"]
[BlackElo "1762"]
[PlyCount "92"]
[EventDate "2009.??.??"]

1. e4 c5 2. Nf3 d6 3. d4 cxd4 4. Nxd4 Nf6 5. Nc3 g6 6. f3 Bg7 7. Be3 O-O 8. Qd2
Nc6 9. Bc4 Bd7 10. O-O-O Qa5 11. Kb1 Rfc8 12. Bb3 Ne5 13. g4 Nc4 14. Bxc4 Rxc4
15. h4 Rac8 16. Nce2 Qxd2 17. Rxd2 b5 18. Nb3 Ra8 19. e5 dxe5 20. g5 Bc6 21.
gxf6 Bxf3 22. fxe7 Rcc8 23. Rf1 Bg2 24. Rf2 Bh3 25. Bxa7 Re8 26. Bc5 f5 27. Nc3
Bf6 28. Rh2 Bg4 29. Nd5 Kf7 30. Nc7 Bxe7 31. Bxe7 Kxe7 32. Nxa8 Rxa8 33. Nc5 e4
34. c3 e3 35. Rde2 f4 36. Nd3 Bf5 37. Kc2 Rd8 38. Kb3 Bxd3 39. Re1 Kf6 40. a4
bxa4+ 41. Kxa4 Bf5 42. b4 Re8 43. b5 Re4+ 44. Ka5 Re5 45. Rb2 f3 46. Ka4 f2 0-1